| 000 | 00625nam a2200205 i 4500 | ||
|---|---|---|---|
| 001 | 86054 | ||
| 003 | ES-MaACL | ||
| 005 | 20230906175351.0 | ||
| 007 | t| | ||
| 008 | 041207s1968 sp ||||1| spa d | ||
| 100 | 1 |
_aKephart, Newell C. _967876 |
|
| 245 | 1 | 3 |
_aEl alumno retrasado / _cNewell C. Kephart ; [traducción por Versum ; revisión por H. Pardellans y J. R. de Otaola]. |
| 250 | _a[1ª ed.]. | ||
| 260 |
_aBarcelona : _bMiracle, _c[1968] |
||
| 300 |
_a356 p. ; _c22 cm. |
||
| 700 | 1 |
_aPardellans, H. _988947 |
|
| 700 | 1 |
_aOtaola, J. R. _987860 |
|
| 710 | 2 |
_aVERSUM. _97551 |
|
| 852 |
_aES-MaACL _jC-35550 _bR.68644 |
||
| 999 |
_c86054 _d86054 |
||